আদি গ্রামোফোন রেকর্ডে ধারণকৃত, (Record no. 8131)
[ view plain ]
| 000 -LEADER | |
|---|---|
| fixed length control field | 00701nam a2200217 a 4500 |
| 001 - CONTROL NUMBER | |
| JCCL Control Number | 8131 |
| 003 - CONTROL NUMBER IDENTIFIER | |
| JCCL marc code | BD-JhCC |
| 005 - DATE AND TIME OF LATEST TRANSACTION | |
| control field | 20180218195148.0 |
| 008 - FIXED-LENGTH DATA ELEMENTS--GENERAL INFORMATION | |
| fixed length control field | 180218s1990 bg |||| ||a| 000 0 b d |
| 035 ## - SYSTEM CONTROL NUMBER | |
| system control number | (BD-JhCC)8131 |
| 040 ## - CATALOGING SOURCE | |
| Original cataloging agency | BD-JhCC |
| Modifying agency | BD-JhCC |
| 041 ## - LANGUAGE CODE | |
| Language code of Book | ben |
| 082 ## - DEWEY DECIMAL CLASSIFICATION NUMBER | |
| Classification number | 780 |
| Author mark and Year | HAQ 1990 |
| 100 ## - MAIN ENTRY--PERSONAL NAME | |
| Personal name | হক,আসাদুল. |
| 245 ## - TITLE STATEMENT | |
| Title | আদি গ্রামোফোন রেকর্ডে ধারণকৃত, |
| Remainder of title | নজরুল-সঙ্গীতের বাণী / |
| Statement of responsibility, etc | আসাদুল হক. |
| 260 ## - PUBLICATION, DISTRIBUTION, ETC. (IMPRINT) | |
| Place of publication, distribution, etc | ঢাকা : |
| Name of publisher, distributor, etc | নজরুল ইন্সটিটিউট ; |
| Date of publication, distribution, etc | 1990. |
| 300 ## - PHYSICAL DESCRIPTION | |
| Pagination | 76 p. : |
| Dimensions | 22 cm. |
| 651 ## - SUBJECT ADDED ENTRY--GEOGRAPHIC NAME | |
| Geographic name | Music |
| 942 ## - ADDED ENTRY ELEMENTS (KOHA) | |
| Source of classification or shelving scheme | Library of Congress Classification |
| Koha item type | Books |
| Source of classification or shelving scheme | Damaged status | Not for loan | Home library | Current library | Shelving location | Date of accession | Cost, normal purchase price | Total Checkouts | Full call number | Barcode | Date last seen | Copy number | Koha item type |
|---|---|---|---|---|---|---|---|---|---|---|---|---|---|
| Dewey Decimal Classification | JCC Rouf Library | JCC Rouf Library | General Stacks | 02/18/2018 | 25.00 | 780 HAQ 1990 | 10670 | 02/18/2018 | C-1 | Books | |||
| Dewey Decimal Classification | JCC Rouf Library | JCC Rouf Library | General Stacks | 02/18/2018 | 30.00 | 780 HAQ 1990 | 10690 | 02/18/2018 | C-2 | Books | |||
| Dewey Decimal Classification | JCC Rouf Library | JCC Rouf Library | General Stacks | 02/19/2018 | 30.00 | 780 HAQ 1990 | 10726 | 02/19/2018 | C-3 | Books | |||
| Dewey Decimal Classification | JCC Rouf Library | JCC Rouf Library | General Stacks | 10/02/2018 | 30.00 | 780 HAQ 1990 | 10442 | 10/02/2018 | C-4 | Books |